Letter A countries by clue - Statistics

General Stats
  • This quiz has been taken 44 times
  • The average score is 4 of 7
Answer Stats
Hint Answer % Correct
is the biggest Australia
88%
is the most populated Argentina
65%
is the least populated Andorra
55%
was the first Christian country Armenia
55%
has the most borders Austria
53%
is the biggest landlocked country Afghanistan
50%
is the smallest Antigua and Barbuda
48%
No matching quizzes found
Score Distribution
Percent of People with Each Score
Percentile by Number Answered
Your Score History
You have not taken this quiz